Villes françaises plus de 20.000 h commençant par A - Statistiques

Statistiques générales
  • Ce quiz a été pris 156 fois
  • Le résultat moyen est 20 sur 35
Statistiques - réponses
Rang Communes Departement Nombre d'habitants % Correct
1 Angers 49 157.000
92%
3 Amiens 80 133.000
89%
4 Annecy 74 131.000
86%
6 Avignon 84 90.000
81%
11 Ajaccio 2a 73.000
80%
2 Aix en provence 13 147.000
79%
25 Aix les bains 73 31.000
79%
18 Arras 62 42.000
74%
10 Antibes 6 75.000
70%
13 Arles 13 50.000
70%
20 Angouleme 16 41.000
68%
14 Albi 81 49.000
66%
7 Aubervilliers 93 90.000
66%
23 Auxerre 89 34.000
66%
29 Alençon 61 25.000
65%
27 Aurillac 15 25.000
64%
24 Agen 47 32.000
63%
5 Argenteuil 95 107.000
61%
30 Auch 32 23.000
61%
17 Alès 30 43.000
60%
15 Aubagne 13 47.000
55%
35 Albertville 73 20.000
53%
21 Annemasse 74 37.000
53%
8 Asnières sur seine 92 89.000
51%
31 Abbeville 80 22.000
50%
9 Aulnay sous bois 93 86.000
50%
12 Antony 92 63.000
49%
19 Anglet 64 41.000
44%
26 Agde 34 29.000
38%
28 Armentières 59 25.000
38%
16 Alfortville 94 45.000
36%
32 Arcueil 94 21.000
22%
33 Allauch 13 21.000
18%
22 Athis mons 91 36.000
16%
34 Achères 78 21.000
12%
Aucun quiz correspondant
Distribution des résultats
% des personnes avec chaque résultat
Percentile par nombre de réponses
Votre historique - résultats
Vous n’avez pas pris ce quiz